000 00645nam a2200253Ia 4500
003 OSt
005 20221007073234.0
006 a|||||r|||| 00| 0
007 ta
008 221006b |||||||| |||| 00| 0 eng d
024 _a4,819
037 _cTextual
040 _aFLL
_cFLL
_beng
041 _2eng
_aeng
082 _aZ2,81, M8
100 _aMathur G.C. Au.
245 0 _aLaw of arbitration
250 _a9th
260 _aLucknow
_bEastern book com. India
_c1988
300 _alvii,997p
_ccm.
650 _aArbitration law
_9684779
942 _hZ2,81, M8
_cTEXL
_2CC
999 _c1148098
_d1148098